Ley de Sociedades Comerciales Nº 19550 (Registro nro. 4219)

Detalles MARC
000 -LEADER
fixed length control field 02195 a2200205 4500
001 - CONTROL NUMBER
control field 46608
005 - DATE AND TIME OF LATEST TRANSACTION
control field 20260407155736.0
008 - FIXED-LENGTH DATA ELEMENTS--GENERAL INFORMATION
fixed length control field 260407a1972 arg spa d
003 - CONTROL NUMBER IDENTIFIER
control field AR-UNSa-BCEJYS
040 ## - CATALOGING SOURCE
Original cataloging agency AR-UNSa-BCEJYS
Language of cataloging spa
Transcribing agency AR-UNSa-BCEJYS
080 ## - UNIVERSAL DECIMAL CLASSIFICATION NUMBER
Universal Decimal Classification number 347.72
Common auxiliary subdivision Sociedades comerciales
100 1# - MAIN ENTRY--PERSONAL NAME
Personal name Legón, Fernando A.
245 10 - TITLE STATEMENT
Title Ley de Sociedades Comerciales Nº 19550
264 #1 - PRODUCTION, PUBLICATION, DISTRIBUTION, MANUFACTURE, AND COPYRIGHT NOTICE
Place of production, publication, distribution, manufacture Buenos Aires :
Name of producer, publisher, distributor, manufacturer Abeledo Perrot
Date of production, publication, distribution, manufacture, or copyright notice 1972
300 ## - PHYSICAL DESCRIPTION
Extent 183 p.
Dimensions 23 cm.
505 ## - FORMATTED CONTENTS NOTE
Formatted contents note 1. Acciones – 2. Administración y representación – 3. Aporte – 4. Asambleas – 5. Asociaciones – 6. Balance – 7. Balance – 8. Capital – 9. Comisión nacional de valores – 10. Consejo de vigilancia – 11. Contabilidad – 12. Cuenta de ganancias y pérdidas – 13. Debentures – 14. Directorio – 15. Disolución – 16. Disposiciones de aplicación y transitorias – 17. Dividendos – 18. Escisión – 19. Exclusión del socio – 20. Fiscalización – 21. Fiscalización estatal – 22. Forma – 23. Fundadores – 24. Fusión – 25. Ganancias – 26. Gerencia – 27. Herederos – 28. Inscripción – 29. Instrumento constitutivo – 30. Intervención judicial – 31. Legajo – 32. Liquidación – 33. Muerte del socio – 34. Nulidad – 35. Objeto social – 36. Participación en otras sociedades – 37. Procedimiento judicial – 38. Promotores – 39. Publicidad – 40. Síndico – 41. Sociedad accidental o en participación – 42. Sociedad anónima – 43. Sociedad anónima con participación estatal mayoritaria – 44. Sociedad colectiva – 45. Sociedad comercial – 46. Sociedad constituida en el extranjero – 47. Sociedad controlada – 48. Sociedad de capital e industria – 49. Sociedad de responsabilidad limitada – 50. Sociedad en comandita por acciones – 51. Sociedad en comandita simple – 52. Sociedad irregular y de hecho – 53. Sociedades vinculadas – 54. Socios – 55. Receso – 56. Registro nacional de sociedades por acciones – 57. Reglamento – 58. Reservas – 59. Resolución parcial – 60. Transformación – 61. Tipicidad –
590 ## - LOCAL NOTE (RLIN)
Local note niveau_biblio:m niveau_hierar:0
700 1# - ADDED ENTRY--PERSONAL NAME
Personal name Argentina [Leyes, etc.]
942 ## - ADDED ENTRY ELEMENTS (KOHA)
Koha item type
Existencias
Withdrawn status Lost status Damaged status Not for loan Home library Current library Shelving location Date acquired Total checkouts Full call number Barcode Date last seen Price effective from Koha item type
        Biblioteca Prof. Eusebio Cleto del Rey Biblioteca Prof. Eusebio Cleto del Rey   07/04/2026   347.72 L516 L87244 07/04/2026 07/04/2026 Libro
        Biblioteca Prof. Eusebio Cleto del Rey Biblioteca Prof. Eusebio Cleto del Rey   07/04/2026   347.72 L516 L23959 07/04/2026 07/04/2026 Libro